[Event "Pardubice KB op"]
[Site "Pardubice"]
[Date "1996.??.??"]
[Round "8"]
[White "Muetz, Gunnar"]
[Black "Raudive, Aivars"]
[Result "1-0"]
[WhiteElo "2220"]
[BlackElo "2365"]
[PlyCount "68"]
[EventDate "1996.07.??"]
[EventType "swiss"]
[EventRounds "9"]
[EventCountry "CZE"]
[SourceTitle "CBM 055 Extra"]
[Source "ChessBase"]
[SourceDate "1997.01.01"]
[SourceVersion "1"]
[SourceVersionDate "1997.01.01"]
[SourceQuality "1"]

1. g3 Nf6 2. Bg2 g6 3. d3 Bg7 4. Nf3 0-0 5. 0-0 d5 6. Nbd2 c5 7. e4 Nc6 8. Re1 b6 9. h3 Bb7 10. c3 Rc8 11. Qc2 Qd7 12. e5 Ne8 13. Nf1 Nc7 14. h4 d4 15. c4 Qf5 16. Qe2 Nb4 17. Nxd4 Qxd3 18. Bxb7 Rb8 19. Be4 Qxd4 20. Rd1 Qxe5 21. Bf4 Qxb2 22. Qxb2 Bxb2 23. Bxc7 Rbc8 24. Rab1 Bd4 25. Bf4 Nxa2 26. Bd2 Rfd8 27. Ne3 Nc3 28. Bxc3 Bxc3 29. Nd5 Bf6 30. Nxf6+ exf6 31. Ra1 Rxd1+ 32. Rxd1 Rc7 33. Rd8+ Kg7 34. Kf1 f5 1-0

[Event "Decin op"]
[Site "Decin"]
[Date "1996.??.??"]
[Round "7"]
[White "Raudive, Aivars"]
[Black "Havranek, Miroslav"]
[Result "1/2-1/2"]
[WhiteElo "2365"]
[BlackElo "2280"]
[PlyCount "80"]
[EventDate "1996.??.??"]
[EventType "swiss"]
[EventRounds "9"]
[EventCountry "CZE"]
[SourceTitle "CBM 053 Extra"]
[Source "ChessBase"]
[SourceDate "1996.09.01"]
[SourceVersion "1"]
[SourceVersionDate "1996.09.01"]
[SourceQuality "1"]

1. e4 e5 2. Nf3 Nc6 3. d4 exd4 4. Nxd4 Nf6 5. Nc3 Bb4 6. Nxc6 bxc6 7. Bd3 d5 8. exd5 cxd5 9. 0-0 0-0 10. Bg5 Be6 11. Na4 Be7 12. Re1 h6 13. Bh4 Rb8 14. c3 Bg4 15. Qc2 Bd6 16. Bh7+ Kh8 17. Bf5 Bxf5 18. Qxf5 Qc8 19. Qf3 Ne4 20. Rad1 c6 21. Bg3 Bxg3 22. hxg3 Qa6 23. b3 Kg8 24. c4 Qa5 25. cxd5 cxd5 26. Qf5 Nf6 27. Re7 Rfe8 28. Rxe8+ Rxe8 29. Kf1 Qb4 30. Qd3 Qg4 31. Qf3 Qg5 32. Qc3 Rd8 33. Qb4 Qh5 34. Qh4 Qg6 35. Qd4 Qf5 36. f3 Qe6 37. Kf2 Qa6 38. Rd2 Qa5 39. g4 Kh8 40. Rd3 Qc7 1/2-1/2

[Event "Pardubice KB op"]
[Site "Pardubice"]
[Date "1996.??.??"]
[Round "3"]
[White "Raudive, Aivars"]
[Black "Jedlicka, Ales"]
[Result "0-1"]
[WhiteElo "2365"]
[BlackElo "2145"]
[PlyCount "58"]
[EventDate "1996.07.??"]
[EventType "swiss"]
[EventRounds "9"]
[EventCountry "CZE"]
[SourceTitle "CBM 055 Extra"]
[Source "ChessBase"]
[SourceDate "1997.01.01"]
[SourceVersion "1"]
[SourceVersionDate "1997.01.01"]
[SourceQuality "1"]

1. e4 c5 2. Nf3 d6 3. Bb5+ Bd7 4. Bxd7+ Nxd7 5. d4 cxd4 6. Qxd4 Ngf6 7. Nc3 g6 8. Bg5 Bg7 9. 0-0 0-0 10. Qd2 Nc5 11. Rfe1 Re8 12. Rad1 a6 13. Nd4 Rc8 14. Kh1 b5 15. f3 Qa5 16. a3 Na4 17. Nxa4 Qxa4 18. c3 Qc4 19. Nc2 a5 20. Ne3 Qc6 21. Nd5 Nxd5 22. exd5 Qb7 23. Re4 f5 24. Re6 b4 25. axb4 axb4 26. cxb4 Rc4 27. Qe2 Rxb4 28. Rxd6 Re4 29. Qa6 exd6 0-1

[Event "Pardubice KB op"]
[Site "Pardubice"]
[Date "1996.??.??"]
[Round "6"]
[White "Raudive, Aivars"]
[Black "Votava, Jan"]
[Result "0-1"]
[WhiteElo "2365"]
[BlackElo "2545"]
[PlyCount "248"]
[EventDate "1996.07.??"]
[EventType "swiss"]
[EventRounds "9"]
[EventCountry "CZE"]
[SourceTitle "CBM 055 Extra"]
[Source "ChessBase"]
[SourceDate "1997.01.01"]
[SourceVersion "1"]
[SourceVersionDate "1997.01.01"]
[SourceQuality "1"]

1. e4 c5 2. Nf3 e6 3. b3 d5 4. exd5 exd5 5. Bb5+ Nc6 6. 0-0 Nf6 7. d4 Be7 8. Ba3 Ne4 9. Nfd2 cxd4 10. Bxe7 Qxe7 11. Nxe4 dxe4 12. Qxd4 0-0 13. Bxc6 bxc6 14. Nc3 Bf5 15. Rae1 Rfe8 16. Re3 Rad8 17. Qc4 Qe6 18. Qxe6 Rxe6 19. Rfe1 Bg6 20. g3 Rd2 21. R1e2 Rd4 22. Re1 Bf5 23. Kg2 g5 24. h3 h5 25. g4 hxg4 26. hxg4 Bxg4 27. Rxe4 Rd2 28. Rxe6 Bxe6 29. Re2 Rd4 30. Ne4 Rxe4 31. Rxe4 Bd5 32. f3 Bxe4 33. fxe4 f6 34. Kf3 Kf7 35. b4 Ke6 36. c4 Ke5 37. Ke3 Kd6 38. a4 Kc7 39. Kd4 Kb7 40. Ke3 c5 41. bxc5 Kc6 42. Kf3 Kxc5 43. Kg4 Kxc4 44. Kf5 Kb3 45. Kxf6 g4 46. e5 g3 47. e6 g2 48. e7 g1Q 49. e8Q Qd4+ 50. Kg5 a5 51. Kh6 Ka3 52. Qc6 Qg4 53. Qe8 Qh4+ 54. Kg7 Qxa4 55. Qe3+ Qb3 56. Qc5+ Qb4 57. Qe3+ Ka2 58. Kh6 Qd6+ 59. Kh7 Qd7+ 60. Kh6 a4 61. Qe2+ Kb3 62. Qe3+ Kc4 63. Qc1+ Kb5 64. Qb2+ Ka6 65. Qa3 Qd4 66. Kh7 Kb5 67. Qe7 Qd3+ 68. Kh6 a3 69. Qb7+ Ka5 70. Qc7+ Ka4 71. Qa7+ Kb3 72. Qb6+ Kc2 73. Qc5+ Kb1 74. Qb6+ Kc1 75. Qc5+ Kd1 76. Qg1+ Kc2 77. Qc5+ Qc3 78. Qf5+ Kb3 79. Qb5+ Ka2 80. Qe2+ Kb1 81. Qb5+ Kc2 82. Qf5+ Qd3 83. Qc5+ Kb3 84. Qb6+ Ka4 85. Qa7+ Kb4 86. Qb6+ Qb5 87. Qd4+ Ka5 88. Qc3+ Qb4 89. Qe5+ Ka6 90. Qe2+ Qb5 91. Qd2 Ka7 92. Qc2 Kb7 93. Qh7+ Kb6 94. Qf7 Qc6+ 95. Kh5 Qc5+ 96. Kh6 Qd6+ 97. Kh5 Kc6 98. Qe8+ Kb6 99. Qf7 Qe5+ 100. Kh6 Qe3+ 101. Kh5 Qe2+ 102. Kh6 Qd2+ 103. Kh5 Qd1+ 104. Kh6 Qd6+ 105. Kh5 Qc6 106. Qa2 Qf3+ 107. Kh6 Ka7 108. Kh7 Qb7+ 109. Kh6 Qb2 110. Qf7+ Ka6 111. Qc4+ Qb5 112. Qf7 Qc6+ 113. Kh5 Qh1+ 114. Kg5 Qg2+ 115. Kh6 Qd2+ 116. Kh5 a2 117. Qc4+ Kb6 118. Qb3+ Kc5 119. Qa3+ Kd5 120. Qb3+ Ke5 121. Qb8+ Ke4 122. Qe8+ Kf3 123. Qf7+ Kg2 124. Qg6+ Kh2 0-1

[Event "Polanica Zdroj op"]
[Site "Polanica Zdroj"]
[Date "1996.??.??"]
[Round "5"]
[White "Sobolewski, Mariusz"]
[Black "Raudive, Aivars"]
[Result "1/2-1/2"]
[WhiteElo "2110"]
[BlackElo "2365"]
[PlyCount "30"]
[EventDate "1996.??.??"]
[EventType "swiss"]
[EventRounds "10"]
[EventCountry "POL"]
[SourceTitle "EXT 1998"]
[Source "ChessBase"]
[SourceDate "1997.11.17"]
[SourceVersion "1"]
[SourceVersionDate "1997.11.17"]
[SourceQuality "1"]

1. e4 Nf6 2. d3 d5 3. Nd2 e5 4. Ngf3 Nc6 5. Be2 Be7 6. 0-0 0-0 7. c3 a5 8. Re1 Re8 9. Bf1 Bf8 10. Qc2 b6 11. b3 Bb7 12. a3 g6 13. Bb2 Bg7 14. b4 dxe4 15. dxe4 Nb8 1/2-1/2